000 00740nam a2200217Ia 4500
001 11328
003 GE_BSU
008 181216s||||||||xx |||||||||||||| ||und||
040 _cGE_BSU
080 _a66(035)
100 _aკაზარიანი პ.ე.
245 _aქიმია ყოფაცხოვრებაში
245 _cრედ: კ. ჩიხლაძე მთარგმ. კ. ჩიხლაძე
260 _aთბილისი
260 _bსას–სამ. ინ–ტის გამ–ბა.
260 _c1958
300 _a225გვ.24სმ.
300 _eილ. ცხრილებში
653 _aქიმია ყოფაცხოვრებაში
942 _cBK
999 _c44525
_d44525